000 00736cab a2200265 4500
001 WB2931-24
008 090401t1993 xxu||||| |||| 00| 0 eng d
035 _a(Sirsi) u5642
041 _aeng
245 _aWarehouse clubs in at a discount
260 _c1993
350 _a0
490 _aDaily Telegraph
_v14 August 1993, B2(2)
520 _aDetails the latest in the on-going confrontation between top retailers and the US-inspired warehouse clubs.
650 _aCOSTCO
650 _aDISCOUNT STORES
650 _aRETAILING
650 _aSAFEWAY
650 _aSAINSBURY
650 _aTESCO
650 _aWAREHOUSE CLUBS
690 _aPROPERTY-COMMERCIAL PROPERTY-RETAIL PROPERTY
942 _n0
948 _c04/03/1997
999 _c3366
_d3366